Europei 2024 - Rosa nazionale: Italia - Statistics

Statistiche generali
  • Questo quiz è stato fatto 297 volte
  • Il punteggio medio è 18 su 27
Statistiche sulle risposte
# Ruolo Giocatore % Corretto
1 P Gianluigi Donnarumma
99%
23 D Alessandro Bastoni
92%
18 C Nicolò Barella
90%
3 D Federico Dimarco
87%
2 D Giovanni Di Lorenzo
87%
- Allenatore Luciano Spalletti
84%
26 P Alex Meret
83%
14 A Federico Chiesa
80%
12 P Guglielmo Vicario
80%
19 A Mateo Retegui
78%
9 A Gianluca Scamacca
77%
5 D Riccardo Calafiori
75%
20 A Mattia Zaccagni
71%
11 A Giacomo Raspadori
68%
17 D Gianluca Mancini
67%
10 C Lorenzo Pellegrini
66%
8 C Jorginho
62%
4 D Alessandro Buongiorno
61%
7 C Davide Frattesi
61%
21 C Nicolò Fagioli
61%
16 C Bryan Cristante
53%
6 D Federico Gatti
52%
13 D Matteo Darmian
52%
24 D Andrea Cambiaso
47%
22 A Stephan El Shaarawy
35%
15 D Raoul Bellanova
31%
25 A Michael Folorunsho
30%
Nessun quiz corrispondente trovato
Distribuzione punteggi
Percentuale di utenti per punteggio
Percentile per numero di risposta
I tuoi punteggi nel tempo
Non hai fatto questo quiz